100K+ Cities in Bayern / Bavaria - Statistics

General Stats
  • This quiz has been taken 25 times
  • The average score is 7 of 8
Answer Stats
Pop. City % Correct
1,505,005 München
100%
529,508 Nürnberg
100%
301,105 Augsburg
92%
133,258 Ingolstadt
84%
132,036 Würzburg
84%
132,036 Fürth
80%
151,389 Regensburg
80%
115,928 Erlangen
68%
No matching quizzes found
Score Distribution
Percent of People with Each Score
Percentile by Number Answered
Your Score History
You have not taken this quiz